Responses for show #3128 - Wednesday, March 18, 1998

Contestants

Norm Nadel, a lawyer from Beverly Hills, California

Amy Solomon, a consultant from Seattle, Washington

Christopher Ruth, a musician and songwriter from New London, Connecticut (whose 2-day cash winnings total $26,600)

Jeopardy! Round responses

SLEEPYHEADS
EYE ON INDONESIA
COOKING
CLICHES
IF THESE WALLS COULD TALK
ALL EARS
    $100 20
(Amy: Who is... um...)
(Alex: Ooh, sorry!)

Rip Van Winkle

AmyNorm
    $100 1
Jakarta

Christopher
    $100 11
sifter

Amy
    $100 6
square

Christopher
    $100 16
the Lincoln Memorial

Amy
    $100 25
Evander Holyfield

Amy
    $200 21
Little Boy Blue

Amy
    $200 2
(Norm: What is a sari?)

sarong

ChristopherNorm
    $200 12
sour cream

Norm
    $200 7
the mill

Christopher
    $200 17
the Great Wall of China

Norm
    $200 26
(Alex: Right. About a minute to go.)

elephant

Amy
    $300 22
the Dormouse

Triple Stumper
    $300 3
Bali

Christopher
    $300 13
sage

Christopher
    $300 8
the cat

Amy
    $500 18
(Alex: The [*] or [*] in Jerusalem, yes!)

the Wailing Wall (Western Wall)

Norm
    $300 27
Carol Burnett

Amy
    $400 23
(Alex: Deadly [*], yes.)

poppies

Amy
    $400 4
Nike

Amy
    $400 14
whey

Norm
    $400 9
fly right

Christopher
    $400 19
The Last Supper

Christopher
    $400 28
(Amy: If they're buzzing or ringing.)
[Amy never phrased her response in a form of a question because it was deemed incorrect quickly by Alex. After further research by judges, she was later given credit during an announcement prior to the beginning of the Double Jeopardy! Round.]

burning

AmyNorm
    $500 24
River Phoenix

Christopher
    $500 5
Suharto

Christopher
    $500 15
to reduce

Norm
    $500 10
(Alex: That's it!)

hunky-dory

Amy
    $500 30
Hadrian's Wall

Amy
    $500 29
Alan B. Shepard

Christopher

Scores at the first commercial break (after clue 15):

Christopher Amy Norm
$2,100 $1,300 $900

Scores at the end of the Jeopardy! Round:

Christopher Amy Norm
$3,500 $3,400 $2,100

Double Jeopardy! Round responses

HISTORY
GENE POOL
COLLEGES & UNIVERSITIES
HAMLET
"M" TV
BEFORE & AFTER
(Alex: Our tribute to Wheel of Fortune.)
    $200 1
taxation

Norm
    $200 13
Gene Autry

Christopher
    $200 7
the First Ladies

Amy
    $200 22
Denmark

Norm
    $200 4
[Laughter]

Mr. Rogers' Neighborhood

Norm
    $200 21
Jekyll & Hyde Park

Amy
    $400 2
the Mongols

Norm
    $400 14
Gene Wilder

Christopher
    $400 8
Eureka

Christopher
    $400 28
"To be or not to be; that is the question"

Christopher
    $400 9
The Man from Atlantis

Triple Stumper
    $400 24
(Norm: What is... King Perrier? Ha ha ha!)
...
[Laughter]

Orange Julius Caesar

ChristopherNorm
    $600 3
Afghanistan

Christopher
    $600 15
Gene Hackman

Amy
    $600 16
(George) Eastman

Christopher
    $600 29
Ophelia

Christopher
    $1,000 10
The Man from U.N.C.L.E.

Christopher
    $600 25
[Laughter]

Whitney Houston, we have a problem

Christopher
    $800 5
Charlemagne

Norm
    $800 17
Gene Rayburn

Norm
    $800 18
orange

Amy
    $800 23
"to thine own self be true"

Christopher
    $800 11
(Alex: Yes, Tim Russert, there.)

Meet the Press

Christopher
    $800 26
[Laughter]

Victoria's Secret Weapon

Amy
    $1000 6
La Grande ArméE (the Grand Army)

Triple Stumper
    $1000 20
Gene Tierney

Amy
    $1000 19
Kim Il-sung

Christopher
    $300 30
the play

Christopher
    $1000 12
Make Room for Daddy

Christopher
    $1000 27
(Alex: Ha ha ha. Yes, they get tougher, they get longer, they get weirder!)

the Hunchback of Notre Dame Margot Fonteyn

Christopher

Scores at the end of the Double Jeopardy! Round:

Christopher Amy Norm
$13,600 $7,000 $4,300

[wagering suggestions for these scores]

Final Jeopardy! Round responses

20th CENTURY PERSONALITIES
(Alex: He is admired and respected by many in the United States, but in France they love him. They go crazy over this man.)
NormWho is Jerry Lewis?
$500
AmyWho is Jerry Lewis?
$2,000
ChristopherWho is Jerry Lewis?
$401
Jerry Lewis

Final scores:

Christopher Amy Norm
$14,001 $9,000 $4,800
3-day champion: $40,601 2nd place: A week at the Gran Hotel Bahia Del Duque, a fantastic resort on the south of Tenerife Island in the Canary Islands 3rd place: Wittnauer's

Game dynamics:

Coryat scores:

Christopher Amy Norm
$13,900 $7,000 $4,100
27 R
(including 2 DDs),
0 W
18 R,
1 W
13 R
(including 1 DD),
2 W

Combined Coryat: $25,000

The J! Archive is created by fans, for fans. The Jeopardy! game show and all elements thereof, including but not limited to copyright and trademark thereto, are the property of Jeopardy Productions, Inc. and are protected under law. This website is not affiliated with, sponsored by, or operated by Jeopardy Productions, Inc. Join the discussion at JBoard.tv.